00561 a2200193 4500010001400000020002300014035001300037037001600050082001000066245006800076260003800144260001500182270006100197300002400258500002400282700001700306700002000323700002400343 aENG-89405 a1403928150c250.00 aEN-72938 bDBAD / PUB14a305.41 aEssays on gender and governance /cby Martha Nussbaum...[et al] aNew DelhibMacmillan Indiac2005 bUNDP India a2/10, Ansari Road, Daryaganj,bNew Delhie110002cDelhi a134p.c22 cm (pbk) aInclude references aBasu, Amrita aTambiah, Yasmin aJayal, Niraja Gopal